| 000 | 00955nam a22002897a 4500 | ||
|---|---|---|---|
| 003 | CHAP | ||
| 005 | 20220329135433.0 | ||
| 008 | 971013s1935 r 00010 d | ||
| 010 | _a36460 | ||
| 011 | _a37432 | ||
| 035 | _a41552 | ||
| 040 | _cCHAP | ||
| 082 |
_a338.17351 _bM4 |
||
| 110 |
_aMéxico. Dirección de Economía Rural. Departamento de Estadística Agrícola _976935 |
||
| 245 |
_aEstadísticas sobre algodón _b: decenio 1925-1934 |
||
| 260 |
_aMéxico, D.F. : _bLa Dirección, _c1935 |
||
| 300 | _a132 h | ||
| 590 |
_aBATCH-UPD _b10 _c20130110 _lUCH01 _h2203 |
||
| 590 |
_aBATCH-UPD _b10 _c20130410 _lUCH01 _h1509 |
||
| 590 |
_aBATCH-UPD _b10 _c20130914 _lUCH01 _h0056 |
||
| 590 |
_aCONVERSION _b10 _c20130109 _lUCH01 _h1320 |
||
| 650 | 1 | 4 |
_aAlgodon _xAspectos economicos _xMexico. _93974 |
| 650 | 1 | 4 |
_aAlgodón _xEstadísticas _xMéxico. _94010 |
| 901 | _aBK | ||
| 942 | _cLIBRO | ||
| 949 |
_a338.17351 M4 _bBC _cBPP _d-95200 _eBPP _h5725 _i41552 _mD _si |
||
| 999 |
_c36460 _d36460 |
||